MDQL
is popping MORE tags! Check the
thread
!
Quizzes
Events
Quiz Creation
Community
Videos
Private Events
Remove Ads
Sign In
Join for FREE
Feedback
Dark Mode
Quiz Categories
Sports
Geography
Music
Movies
Television
Just For Fun
Miscellaneous
History
Literature
Language
Science
Gaming
Entertainment
Religion
Holiday
For Kids
Quiz Lab
Recent
Popular Today
Quiz Kudos Today
Editor Picks
Curator Picks
Quizzes by...
Day
Popularity
Type
Ratings
Length
Year
Community
Subscriptions
Recent Discussions
Orange Saloon
Badges
Playlists
Quests
Create
Leaderboards
Showdown
Live 5
Trivia Bingo
Activity
Puzzle Library
Sporcle Events
Private Events
Virtual Trivia
Globe League
Become a Host
Pub Owners
SporcleCon
Opinionation
Our Games
Videos
Blog
Mobile Apps
Partnerships
Remove Ads and Go Orange
Feedback
Television
TV Characters
TV Show
Sitcom
Network
Friends
Reality Shows
Cast
South Park
Star Trek
The Simpsons
Doctor Who
Television
TV Characters
TV Show
Sitcom
Network
Friends
Reality Shows
Cast
South Park
Star Trek
The Simpsons
Doctor Who
Random Quiz
Search Sporcle
×
Quiz Lab
Quiz Lab
Television
Actor
Type in answers that appear in a list
Type in answers that appear in a list
Classic
Best Score? Go Orange.
Vampire Diaries Actors Most Episodes Stats
Can you name the Vampire Diaries Actors who are in the Most Episodes?
By
cloveloved
7m
20 Questions
738 Plays
738 Plays
738 Plays
Comments
Comments
Give Quiz Kudos
Give Quiz Kudos
-
- Ratings
hide this ad
More Info
Replay
Link that replays current quiz
Next Quiz
Link to next quiz in quiz playlist
You Got
0%
They Got
Avg Score
65%
Avg Friend Score
Upgrade to see
Score Distribution
Jump to the score distribution portion of the page
Score
0/20
Timer
07:00
0
Plays Today
Character / Episodes
Actor
% Correct
Played Stefan and Silas in 137 episodes.
Paul Wesley
98.6%
Played Elena and Katherine in 133 episodes.
Nina Dobrev
96.9%
Played Damon Salvatore in 137 episodes.
Ian Sommerhalder
95.8%
Played Bonnie Bennett in 137 episodes.
Katerina Graham
95.3%
Played Caroline Forbes in 137 episodes.
Candice Accola
90.2%
Played Klaus Mikaelson in 50 episodes.
Joseph Morgan
84.1%
Played Jeremy Gilbert in 133 episodes.
Steven R McQueen
84%
Played Alaric Saltzman in 89 episodes.
Matt Davis
82.2%
Played Matt Donovan in 137 episodes.
Zach Roerig
81.4%
Played Tyler Lockwood in 133 episodes.
Michael Trevino
79.3%
Character / Episodes
Actor
% Correct
Played Rebekah Mikaelson in 38 episodes.
Claire Holt
75.7%
Played Elijah Mikaelson in 23 episodes.
Daniel Gillies
67.2%
Played Jenna Sommers in 45 episodes.
Sara Canning
61.7%
Played Vicki Donovan in 16 episodes.
Kayla Ewell
45.5%
Played Elizabeth Forbes in 47 episodes.
Marguerite Macintyre
34.1%
Played Anna in 18 episodes.
Malese Jow
28.7%
Played Carol Lockwood in 33 episodes.
Susan Walters
26.2%
Played Jo Laughlin in 17 episodes.
Jodi Lyn O'Keefe
25.5%
Played Liv Parker in 20 episodes.
Penelope Mitchell
24.3%
Played Enzo in 38 episodes.
Matthew Malarkey
23.7%
Quiz Playlist
Details
Report
Send in Message
Add To Playlist
More Info:
Can you name the Vampire Diaries Actors who are in the Most Episodes?
Classic:
Type in answers that appear in a list
Last Updated: Feb 16, 2017
Quiz Scoreboard
CHALLENGE
Sign Up to Join the Scoreboard
Show All
Scores
Hide
Comments
May contain spoilers
Recently Published
5x2 Blitz: Bands
by SL_Kpop136
Music
30s
Colored Red Africa Blitz
by spor1
Geography
30s
Find the 'City' Movie
by crazypaving
Movies
60s
More to Explore
Quiz From the Vault
Featured Blog Post
14 Easter Pick-up Lines to Find Eggs With
hide this ad
You Might Also Like...
Tags
Actor Quiz
Character
Diary
episode
The Vampire Diaries
Vampire
Today's Top Quizzes in Television
Browse Television
hide this ad
Today's Top Quizzes in Actor
Browse Actor
Top Contributed Quizzes in Television
1
Survivor Journey Challenge
2
Brooklyn Nine Nine Logic Puzzle (How-To-Play)
3
Total Drama Characters
4
Phoebe Buffay Quotes
5
Survivor Trivia
6
Survivor Logic Puzzle: Heroes vs. Villains
7
Emmerdale Characters (from August 2012)
8
One Tree Hill Logic Puzzle
9
Adjectives in 00s TV Shows
10
All US Survivor Seasons in Order
Explore More
Trending Topics
Kpop
Crossword
Disney
Harry Potter
NBA
Anime
Marvel
Song
Soccer
Country
Pokémon
Puzzle
WWE
NFL
The Office
hide this ad
More By:
cloveloved
Quiz
Plays
Rating
Category
Featured
Created
Harry Potter : Half Blood Prince Most Mentioned
903
4.00
Literature
Apr 7, 2015
Vampire Diaries Actors Most Episodes
738
Television
Aug 24, 2015
Harry Potter : Deathly Hallows Most Mentioned
378
5.00
Literature
May 7, 2015
Vampire Diaries Turned By...
355
5.00
Television
Aug 31, 2015
Most Mentioned in The Vampire diaries : the awakening
338
3.00
Literature
Apr 8, 2015
Go to Creator's Profile
Score Distribution
Quiz Creator Spotlight
cloveloved
Follow
Send a Message
Quizzes Created
-
Created Quiz Play Count
-
More By This Creator
Popular Quizzes Today
1
Colored Red Africa Blitz
2
Find the US States - No Outlines Minefield
3
Find the 'City' Movie
4
5x2 Blitz: Bands
5
The Countries of the World
6
Find the US States
7
US States
8
Find the Countries of Europe - No Outlines Minefield
More Television Quizzes
Game of Thrones Character Anagrams
Curator's Pick
Trending Quizzes
Colored Red Europe Blitz I
Colored Red Europe Blitz II
Colored Red Africa Blitz II
Colored Red Europe Blitz III
Colored Red Africa Blitz III
Recently Updated
How Do You Spell That?
pecheneg
Godzilla Movies
pecheneg
Grab Bag: 4-10 Letters
pecheneg
2024 March Madness Bracket
pecheneg
Famous TV Couples
Peacemaker
Champions League XIs: Real Madrid
pecheneg
Largest US Cities 1790-2010
pecheneg
Rides in Walt Disney World
pecheneg
Most Oscar Losses (Acting)
pecheneg
Beyoncé Albums
pecheneg
Trending Topics
Disney
Anime
Marvel
Crossword
NBA
Kpop
Harry Potter
Song
The Office
Puzzle
Pokémon
Country
NFL
WWE
Soccer
Your Account Isn't Verified!
In order to create a playlist on Sporcle, you need to verify the email address you used during registration. Go to your
Sporcle Settings
to finish the process.
Report this User
Report this user for behavior that violates our
Community Guidelines
.
Details:
Send Report
Go to the Sporcle.com Mobile Site →
Comments